00413nam a22001457a 450000500170000000800410001702000150005804100130007308200130008610000130009924500420011226000570015430000300021165000260024120240618085712.0240618b |||||||| |||| 00| 0 eng d a0406851174 aEnglish  a349 LAW  lEnglish  aThe All England Law Reports: Reprint  aLondon: bButterworth and Co. Publishers Ltd, c1977 bviii, 912 pages; c25 cm. aLegal practice bLaw